Introduction to environmental impact assessment (Record no. 105824)

MARC details
000 -LEADER
fixed length control field 01240cam a2200337 4500
001 - CONTROL NUMBER
control field ##L134862
008 - FIXED-LENGTH DATA ELEMENTS--GENERAL INFORMATION
fixed length control field 060907n2005 000 0 eng u
020 ## - INTERNATIONAL STANDARD BOOK NUMBER
International Standard Book Number 0415338360
035 ## - SYSTEM CONTROL NUMBER
System control number (Sirsi) u134862
041 0# - LANGUAGE CODE
Language code of text/sound track or separate title eng
050 04 - LIBRARY OF CONGRESS CALL NUMBER
Classification number 711.1 $2 18
100 1# - MAIN ENTRY--PERSONAL NAME
Personal name Glasson, John
245 00 - TITLE STATEMENT
Title Introduction to environmental impact assessment
250 ## - EDITION STATEMENT
Edition statement 3rd ed.
260 ## - PUBLICATION, DISTRIBUTION, ETC.
Place of publication, distribution, etc. Abingdon
Name of publisher, distributor, etc. Routledge
Date of publication, distribution, etc. 2005
300 ## - PHYSICAL DESCRIPTION
Extent xix, 423p.
Dimensions 24cm.
350 ## - PRICE (NR) (BK AM CF MU VM SE) [OBSOLETE]
Price 65
490 #0 - SERIES STATEMENT
Series statement Routledge Natural and Built Environment Series
520 ## - SUMMARY, ETC.
Summary, etc. Provides comprehensive guidance on all aspects of Environmental Impact Assessments (EIAs). Has been updated to include information on the implementation of the revised EC and UK Directive on EIAs, a new case studies section and EIA best practice.
520 ## - SUMMARY, ETC.
Summary, etc. Supersedes second edition (ISBN 1857289455)
590 ## - LOCAL NOTE (RLIN)
Local note IKA171006
650 24 - SUBJECT ADDED ENTRY--TOPICAL TERM
Topical term or geographic name entry element DIRECTIVE 85/337/EEC
650 24 - SUBJECT ADDED ENTRY--TOPICAL TERM
Topical term or geographic name entry element DIRECTIVE 97/11/EC
650 24 - SUBJECT ADDED ENTRY--TOPICAL TERM
Topical term or geographic name entry element DIRECTIVE 2001/42/EC
651 #4 - SUBJECT ADDED ENTRY--GEOGRAPHIC NAME
Geographic name United Kingdom
Chronological subdivision
690 ## - LOCAL SUBJECT ADDED ENTRY--TOPICAL TERM (OCLC, RLIN)
Topical term or geographic name as entry element ENVIRONMENTAL AND LAND CONSULTANCY-ENVIRONMENTAL MANAGEMENT-ENVIRONMENTAL ASSESSMENT-ENVIRONMENTAL IMPACT ASSESSMENT
700 1# - ADDED ENTRY--PERSONAL NAME
Personal name Therival, Riki
700 1# - ADDED ENTRY--PERSONAL NAME
Personal name Chadwick, Andrew
942 ## - ADDED ENTRY ELEMENTS (KOHA)
Suppress in OPAC 0
Holdings
Withdrawn status Lost status Source of classification or shelving scheme Damaged status Not for loan Home library Current library Shelving location Date acquired Cost, normal purchase price Total Checkouts Full call number Barcode Date last seen Date last checked out Copy number Cost, replacement price Price effective from Koha item type
    Dewey Decimal Classification     London London Books 02/10/2006 65.00 12 711.1 GLA 30073314 06/08/2019 16/10/2009 1 65.00 06/08/2019 Book